00538nam a2200181Ia 4500001001000000003000500010008004100015010001100056040000900067082001600076100002100092245007800113260006000191300001000251650002600261650003000287710003900317Para_2234CHAP220125s1994 xx 000 0 und d a200817 cCHAP aPA 634.6 P5 aPloetz R.C., ed. aCompendium of tropical fruit diseases /c ed. by R.C. Ploetz...[et. al.] aSt. Paul, Minn. :b American Phytopathological Society a88 p. aFruta x enfermedades aFruticultura x tropicos  aAmerican Phytopathological Society